| Поле | Инд. | ПП | Название | Значение |
|---|---|---|---|---|
| Тип записи | a | |||
| Библиографический уровень | b | |||
| 001 | Контрольный номер | RU/IS/BASE/269360245 | ||
| 005 | Дата корректировки | 20200522191239.4 | ||
| 008 | Кодируемые данные | 20080714 | ||
| 040 | b | Код языка каталог. | rus | |
| e | Правила каталог. | PSBO | ||
| 041 | 0_ | a | Код языка текста | rus |
| 084 | a | Индекс другой классификации/Индекс ББК | 85.143(2)5; 85.101.11(2) | |
| 100 | 1_ | a | Автор | Рюмин А. |
| q | Полное имя | Рюмин Александр | ||
| 245 | 10 | a | Заглавие | На острове воспоминаний |
| 520 | 0_ | a | Аннотация | О Михаиле Петровиче Боткине - живописце, искусствоведе, коллекционере |
| 600 | 14 | a | Персоналии | Боткины |
| a | Персоналии | Боткин Михаил Петрович | ||
| 650 | 04 | a | Основная рубрика | декоративно-прикладное искусство |
| a | Основная рубрика | живопись | ||
| a | Основная рубрика | изобразительное искусство | ||
| a | Основная рубрика | искусство | ||
| a | Основная рубрика | история изобразительного искусства | ||
| 653 | 0_ | a | Ключевые слова | XIX век |
| a | Ключевые слова | XX век | ||
| a | Ключевые слова | искусствоведение | ||
| a | Ключевые слова | история живописи | ||
| a | Ключевые слова | коллекции | ||
| a | Ключевые слова | коллекционирование | ||
| a | Ключевые слова | Россия | ||
| 773 | 08 | t | Заглавие источника | Наше наследие |
| d | Дата издания источника | 1991 | ||
| g | Прочая информация | № 5(23). - С. 146 - 154 : фот. | ||
| w | Контрольный № источника | RU/IS/BASE/179596151 | ||
| 901 | t | Тип документа | b |